000 00474nam a2200157 i 4500
001 25044
003 ES-MaACL
005 20230906153202.0
007 t|
008 021220s1950 cl ||||1| spa d
100 1 _aArabena Williams, Hermelo.
_922144
245 1 0 _aEnrique Nercasseau y MorĂ¡n
_b: 1854-1925... /
_cHermelo Arabena Williams.
260 _aSantiago de Chile :
_bEd. Universitaria,
_c1950.
300 _a199 p. ;
_c27 cm.
852 _aES-MaACL
_jD-7069
_bR.32484
999 _c25044
_d25044